Short and tall / written by Eric Furman ; [with] Eric Carle illustrations.
Record details
- Physical Description: 20 unnumbered pages : color illustrations ; 20 cm.
- Publisher: Lincolnwood, Illinois : Publications International, ©2013.
Content descriptions
| General Note: | Designed to be used with "My First Smart Pad to hear letters, words, sounds, and melodies associated with the stories, and to answer questions." |
Search for related items by subject
| Subject: | Size judgment > Juvenile literature. Stature > Juvenile literature. Body size > Juvenile literature. |
Search for related items by series
| LDR | 01269nam a2200325Ii 4500 | ||
|---|---|---|---|
| 001 | 145879 | ||
| 003 | CONS | ||
| 005 | 20180227122724.0 | ||
| 008 | 150407s2013 ilua j 000 0 eng d | ||
| 035 | . | ‡a(CPomAG)LMN604402 | |
| 082 | 1 | 4. | ‡a428 |
| 100 | 1 | . | ‡aFurman, Eric, ‡eauthor. |
| 245 | 1 | 0. | ‡aShort and tall / ‡cwritten by Eric Furman ; [with] Eric Carle illustrations. |
| 246 | 3 | . | ‡aShort & tall |
| 264 | 1. | ‡aLincolnwood, Illinois : ‡bPublications International, ‡c©2013. | |
| 300 | . | ‡a20 unnumbered pages : ‡bcolor illustrations ; ‡c20 cm. | |
| 336 | . | ‡atext ‡btxt ‡2rdacontent | |
| 337 | . | ‡aunmediated ‡bn ‡2rdamedia | |
| 338 | . | ‡avolume ‡bnc ‡2rdacarrier | |
| 490 | 1 | . | ‡aThe world of Eric Carle. |
| 490 | 0 | . | ‡aMy first Smart Pad |
| 500 | . | ‡aDesigned to be used with "My First Smart Pad to hear letters, words, sounds, and melodies associated with the stories, and to answer questions." | |
| 650 | 0. | ‡aSize judgment ‡vJuvenile literature. | |
| 650 | 0. | ‡aStature ‡vJuvenile literature. | |
| 650 | 0. | ‡aBody size ‡vJuvenile literature. | |
| 700 | 1 | . | ‡aCarle, Eric, ‡eillustrator. |
| 800 | 1 | . | ‡aCarle, Eric. ‡tWorld of Eric Carle. |
| 914 | . | ‡aSCP_kt | |
| 959 | . | ‡i32269001047052 ‡lE Car ‡aJuvenile - Easy ‡tEasy ‡g5.00 | |
| 852 | . | ‡p32269001047052 ‡jE Car ‡gJuvenile - Easy ‡cEasy ‡y5.00 ‡bSBPL | |
| 901 | . | ‡a145879 ‡bUnknown ‡c145879 ‡tbiblio | |